Представление документа в формате MARC21

Поле Инд. ПП Название Значение
Тип записи a
Библиографический уровень m
001 Контрольный номер 288408a7-2355-41ca-8d82-16537dd134b7
005 Дата корректировки 20250822175804.9
008 Кодируемые данные 070305
020 a ISBN 0-19-316309-8
c Цена, тираж 6301.29
040 a Служба первич. каталог. НБ ТвГУ
041 0_ a Код языка текста eng
080 a Индекс УДК 78.03
084 a Индекс другой классификации/Индекс ББК Щ313(0)
a Индекс другой классификации/Индекс ББК Щ313(0)5-022.4
090 x Авторский знак N52
a Полочн. индекс Щ313(0)
245 00 a Заглавие The new Oxford history of music
n Номер части/ раздела Vol. 9
p Название части/ раздела Romanticism (1830-1890)
c Ответственность ed. by Gerald Abraham
260 0_ a Место издания Oxford
b Издательство Oxford university press
c Дата издания 2006
300 a Объем XX 935 p.
500 a Примечание Includes index.
500 a Примечание НАСТОЯЩИЙ МАТЕРИАЛ (ИНФОРМАЦИЯ) ПРОИЗВЕДЕН, РАСПРОСТРАНЕН И (ИЛИ) НАПРАВЛЕН ИНОСТРАННЫМ АГЕНТОМ, ЯВЛЯЮЩИМСЯ УЧРЕДИТЕЛЕМ (ЧЛЕНОМ, УЧАСТНИКОМ, РУКОВОДИТЕЛЕМ ИЛИ ЛИЦОМ, ВХОДЯЩИМ В СОСТАВ ОРГАНА ЛИЦ УКАЗАНЫХ В ЧАСТИ 4 СТАТЬИ 9 ФЕДЕРАЛЬНОГО ЗАКОНА «О КОНТРОЛЕ ЗА ДЕЯТЕЛЬНОСТЬЮ ЛИЦ, НАХОДЯЩИХСЯ ПОД ИНОСТРАННЫМ ВЛИЯНИЕМ») ВКЛЮЧЕННОГО В РЕЕСТР ИНОСТРАННЫХ АГЕНТОВ
504 a Библиография Bibliogr.: p. 831-904.
583 a Действие Получение впервые 42 05.03.2007
k Исполнитель действия Дар Оксфордско-Российского Фонда
650 04 a Основная рубрика Музыка
x Основная подрубрика История
y Хронологическая подрубрика 19 в.
650 04 a Основная рубрика Романтизм в музыке
653 0_ a Ключевые слова Музыка
a Ключевые слова История музыки
a Ключевые слова Романтизм в музыке
a Ключевые слова Оксфордско-Российский фонд
700 1_ a Другие авторы Abraham Gerald
e Роль лиц ed.
d Дата 1904-1988
852 41 t Порядковый номер экземпляра 1
p Инвентарный номер 871031
888 a Бесплатные
930 a Новая/Ретро иностр
a Новая/Ретро англ
952 p 42.2007 6301.29 1 871031
c Вид литературы К ин
954 a Дата поступления на обработку 20070307
999 a Подразделение 2 ч.з.